000 00462nam a22001817a 4500
005 20260211130357.0
008 260211b |||||||| |||| 00| 0 eng d
020 _a9788199195950
_c1395.00
040 _aMAIN
041 _aEnglish
082 _a660.6
_bSAN
100 _aSantomartino, Rosa
_926275
245 _aMicrobial Biotechnology
260 _aNew Delhi
_bBlackwell Press
_c2026
300 _a288
650 _aBiological Science
_914046
942 _cBK
999 _c60323
_d60323